| 000 | 00407nam a2200169Ia 4500 | ||
|---|---|---|---|
| 008 | 230524s9999 xx 000 0 und d | ||
| 020 | _a8125911820 | ||
| 082 |
_a4 _bGAN |
||
| 100 | _aS.G.Ganesh | ||
| 245 | 0 | _aComputer Careers Placement- Preparation Guide | |
| 250 | _a2ND | ||
| 260 |
_aNEW DELHI _bVikas _c2005 |
||
| 300 | _aXVI;247 | ||
| 500 | _aQuantity Number: 2 | ||
| 650 | _aComp-Sc | ||
| 942 | _cBK | ||
| 999 |
_c5553 _d5553 |
||